[Event "RUS-chT blitz (Women)"]
[Site "Sochi"]
[Date "2018.10.10"]
[Round "2.2"]
[White "Styazhkina, Anna"]
[Black "Vyrtosu, Natalia"]
[Result "0-1"]
[WhiteElo "2268"]
[BlackElo "1894"]
[PlyCount "61"]
[EventDate "2018.10.10"]
[EventType "team-swiss (blitz)"]
[EventRounds "13"]
[EventCountry "RUS"]
[SourceTitle "CBM 186 Extra"]
[Source "ChessBase"]
[SourceDate "2018.08.24"]
[SourceVersion "1"]
[SourceVersionDate "2018.08.24"]
[SourceQuality "1"]
[WhiteTeam "St Petersburg SShOR (W)"]
[BlackTeam "Karpov Chess School (W) II"]
[WhiteTeamCountry "RUS"]
[BlackTeamCountry "RUS"]

1. e4 c6 2. d4 d5 3. exd5 cxd5 4. Bd3 Nc6 5. c3 g6 6. h3 Bf5 7. Nf3 Nf6 8. Na3 Bg7 9. 0-0 0-0 10. Re1 Bxd3 11. Qxd3 Ne4 12. Nc2 Rc8 13. Ne3 e6 14. Ng4 Qc7 15. Bh6 Ne7 16. Nfe5 Nf5 17. Bxg7 Kxg7 18. f3 Ned6 19. Nf2 Nc4 20. Rab1 Nxe5 21. Rxe5 Qa5 22. a3 b5 23. g4 Nd6 24. Re2 a6 25. h4 Qd8 26. h5 Qg5 27. Kh2 Qh4+ 28. Kg2 gxh5 29. Rh1 Qf6 30. Rxh5 Qg6 31. Qe3 0-1

[Event "RUS-chT blitz (Women)"]
[Site "Sochi"]
[Date "2018.10.10"]
[Round "9.3"]
[White "Vyrtosu, Natalia"]
[Black "Shuvalova, Polina"]
[Result "0-1"]
[WhiteElo "1894"]
[BlackElo "2421"]
[PlyCount "88"]
[EventDate "2018.10.10"]
[EventType "team-swiss (blitz)"]
[EventRounds "13"]
[EventCountry "RUS"]
[SourceTitle "CBM 186 Extra"]
[Source "ChessBase"]
[SourceDate "2018.08.24"]
[SourceVersion "1"]
[SourceVersionDate "2018.08.24"]
[SourceQuality "1"]
[WhiteTeam "Karpov Chess School (W) II"]
[BlackTeam "Moscow Legacy Square (W)"]
[WhiteTeamCountry "RUS"]
[BlackTeamCountry "RUS"]

1. d4 Nf6 2. Bf4 e6 3. Nf3 c5 4. e3 cxd4 5. exd4 b6 6. c3 Bb7 7. Nbd2 Be7 8. Bd3 0-0 9. 0-0 d6 10. h3 Nbd7 11. Bg3 Re8 12. Bc2 Qc7 13. Re1 Bf8 14. Ne4 Nxe4 15. Bxe4 Bxe4 16. Rxe4 Qc6 17. Qe1 d5 18. Re2 b5 19. a3 a5 20. Ne5 Nxe5 21. Bxe5 Rec8 22. Qd2 h6 23. Re3 b4 24. axb4 axb4 25. Rxa8 Qxa8 26. cxb4 Qa1+ 27. Re1 Qa4 28. Rc1 Qxb4 29. Rc3 Rc4 30. Qc2 Qb5 31. Rxc4 dxc4 32. Bf4 Qd5 33. Be3 Bd6 34. Qc3 h5 35. Qc2 Be7 36. Qc3 Bf6 37. Qd2 h4 38. Kh1 Qe4 39. Qc3 Qd5 40. Qd2 Be7 41. Qc3 Bd6 42. Qd2 Qe4 43. Qc1 Qd3 44. Qd2 Qf1# 0-1

[Event "RUS-chT rapid (Women)"]
[Site "Sochi"]
[Date "2018.10.09"]
[Round "8.1"]
[White "Vyrtosu, Natalia"]
[Black "Girya, Olga"]
[Result "0-1"]
[WhiteElo "1894"]
[BlackElo "2479"]
[PlyCount "88"]
[EventDate "2018.10.08"]
[EventType "team-tourn (rapid)"]
[EventRounds "9"]
[EventCountry "RUS"]
[SourceTitle "CBM 186 Extra"]
[Source "ChessBase"]
[SourceDate "2018.08.24"]
[SourceVersion "1"]
[SourceVersionDate "2018.08.24"]
[SourceQuality "1"]
[WhiteTeam "Karpov Chess School (W) II"]
[BlackTeam "Yugra (W)"]
[WhiteTeamCountry "RUS"]
[BlackTeamCountry "RUS"]

1. d4 d5 2. Bf4 c5 3. e3 cxd4 4. exd4 Nc6 5. Nf3 Qb6 6. Nc3 Bg4 7. Nxd5 Qa5+ 8. Nc3 0-0-0 9. Be3 e5 10. d5 Nf6 11. Bc4 e4 12. h3 exf3 13. hxg4 fxg2 14. Rg1 Bb4 15. Rxg2 Bxc3+ 16. bxc3 Qxc3+ 17. Bd2 Qxc4 18. dxc6 Rhe8+ 19. Be3 Rxd1+ 20. Rxd1 Qxc6 21. Kf1 Nd5 22. Rg3 Nxe3+ 23. fxe3 Qh1+ 24. Ke2 Qh2+ 25. Kf3 Rxe3+ 26. Kxe3 Qxg3+ 27. Kd2 Qxg4 28. Re1 h5 29. Re8+ Kd7 30. Re3 h4 31. Rd3+ Kc7 32. Rc3+ Kb8 33. Kd3 h3 34. Rc4 Qxc4+ 35. Kxc4 h2 36. c3 h1Q 37. a4 Qc6+ 38. Kb4 g5 39. c4 g4 40. c5 g3 41. a5 g2 42. a6 g1R 43. axb7 Rg4+ 44. Ka5 Ra4# 0-1

[Event "RUS-chT rapid (Women)"]
[Site "Sochi"]
[Date "2018.10.08"]
[Round "1.2"]
[White "Voit, Daria"]
[Black "Vyrtosu, Natalia"]
[Result "1-0"]
[WhiteElo "2352"]
[BlackElo "1894"]
[PlyCount "137"]
[EventDate "2018.10.08"]
[EventType "team-tourn (rapid)"]
[EventRounds "9"]
[EventCountry "RUS"]
[SourceTitle "CBM 186 Extra"]
[Source "ChessBase"]
[SourceDate "2018.08.24"]
[SourceVersion "1"]
[SourceVersionDate "2018.08.24"]
[SourceQuality "1"]
[WhiteTeam "Moscow Legacy Square (W)"]
[BlackTeam "Karpov Chess School (W) II"]
[WhiteTeamCountry "RUS"]
[BlackTeamCountry "RUS"]

1. Nf3 Nf6 2. c4 c6 3. d4 d5 4. Nc3 Bf5 5. cxd5 Nxd5 6. e3 e6 7. Bd3 Bxd3 8. Qxd3 Nd7 9. e4 Nxc3 10. bxc3 Be7 11. 0-0 0-0 12. Bf4 Bf6 13. Rab1 b5 14. c4 a6 15. cxb5 axb5 16. Rfc1 Ra6 17. d5 exd5 18. exd5 cxd5 19. Rxb5 d4 20. Rd5 Ne5 21. Rxe5 Bxe5 22. Bxe5 Rxa2 23. Qxd4 Qxd4 24. Bxd4 f6 25. g4 Ra3 26. Kg2 Rd8 27. Be3 Rd7 28. h3 Kf7 29. Nd4 Rd3 30. Nf5 R3d5 31. Rc8 Rd8 32. Rc6 R8d7 33. Kf3 h5 34. Ke4 hxg4 35. hxg4 Re5+ 36. Kf4 Red5 37. Ng3 Rd3 38. Ne4 R3d5 39. Nc5 Re7 40. Rc8 Kg6 41. Ne4 Kf7 42. Bc5 Red7 43. Rf8+ Kg6 44. Be3 Rd8 45. Rxd8 Rxd8 46. Ng3 Rd5 47. Nf5 Kf7 48. Ke4 Re5+ 49. Kd4 g6 50. Ng3 Ra5 51. Ke4 Ke6 52. Bd4 Rg5 53. f3 Ra5 54. Kd3 Ra3+ 55. Bc3 Ra6 56. Ne4 Kf7 57. Bxf6 Rxf6 58. Nxf6 Kxf6 59. f4 Ke7 60. Kc4 Ke6 61. Kc5 Ke7 62. Kd5 Kd7 63. Ke5 Ke7 64. g5 Kf7 65. Kd6 Kf8 66. Ke6 Kg7 67. Ke7 Kg8 68. Kf6 Kh7 69. Kf7 1-0

[Event "Moscow op-B (Women) 14th"]
[Site "Moscow"]
[Date "2018.02.03"]
[Round "8"]
[White "Vyrtosu, Natalia"]
[Black "Avetisyan, Mariam"]
[Result "0-1"]
[WhiteElo "1928"]
[BlackElo "2098"]
[PlyCount "76"]
[EventDate "2018.01.27"]
[EventType "swiss"]
[EventRounds "9"]
[EventCountry "RUS"]
[SourceTitle "CBM 182 Extra"]
[Source "ChessBase"]
[SourceDate "2018.02.23"]
[SourceVersion "1"]
[SourceVersionDate "2018.02.23"]
[SourceQuality "1"]

1. d4 Nf6 2. c4 e6 3. Nc3 Bb4 4. e3 0-0 5. Bd3 c5 6. a3 Bxc3+ 7. bxc3 b6 8. Ne2 Nc6 9. e4 Ne8 10. Be3 d6 11. f4 f5 12. 0-0 Na5 13. Ng3 g6 14. d5 Nf6 15. dxe6 fxe4 16. Bxe4 Nxe4 17. Nxe4 Nxc4 18. Qd5 Nxe3 19. Qxa8 Nxf1 20. Rxf1 Bxe6 21. Qxa7 h6 22. Qa4 Bf5 23. Ng3 Bd3 24. Rf3 c4 25. Qb5 d5 26. h3 Qd6 27. Kh2 h5 28. h4 Kg7 29. Qb4 Qxb4 30. axb4 Ra8 31. Re3 Ra3 32. Re6 Rxc3 33. Rxb6 Rb3 34. Rd6 c3 35. Rxd5 c2 36. Rc5 Rb1 37. Rc3 c1Q 38. Rxd3 Qxf4 0-1

[Event "Moscow op-B (Women) 14th"]
[Site "Moscow"]
[Date "2018.01.27"]
[Round "1"]
[White "Vyrtosu, Natalia"]
[Black "Charochkina, Daria"]
[Result "0-1"]
[WhiteElo "1928"]
[BlackElo "2326"]
[PlyCount "60"]
[EventDate "2018.01.27"]
[EventType "swiss"]
[EventRounds "9"]
[EventCountry "RUS"]
[SourceTitle "CBM 182 Extra"]
[Source "ChessBase"]
[SourceDate "2018.02.23"]
[SourceVersion "1"]
[SourceVersionDate "2018.02.23"]
[SourceQuality "1"]

1. d4 f5 2. Bg5 h6 3. Bh4 g5 4. Bg3 Nf6 5. h4 Rg8 6. Be5 d6 7. Bxf6 exf6 8. e3 Qe7 9. Nc3 Be6 10. Qf3 c6 11. d5 Bd7 12. dxc6 bxc6 13. Nd5 cxd5 14. Qxd5 Qe5 15. Qxg8 Qxb2 16. Rd1 Qc3+ 17. Rd2 Qa1+ 18. Rd1 Qc3+ 19. Rd2 Qa1+ 20. Ke2 Nc6 21. f3 f4 22. Qg6+ Kd8 23. exf4 Kc7 24. Kf2 d5 25. g4 gxf4 26. Nh3 Ne5 27. Qh7 Qc3 28. Rd3 Bc5+ 29. Ke2 Qxc2+ 30. Rd2 Qxh7 0-1

[Event "RUS-chT U14 Girls"]
[Site "Sochi"]
[Date "2017.05.05"]
[Round "4.2"]
[White "Vyrtosu, Natalia"]
[Black "Vinokur, Yuliya"]
[Result "0-1"]
[WhiteElo "1871"]
[BlackElo "2233"]
[PlyCount "104"]
[EventDate "2017.05.01"]
[EventType "team-tourn"]
[EventRounds "7"]
[EventCountry "RUS"]
[SourceTitle "CBM 178 Extra"]
[Source "ChessBase"]
[SourceDate "2017.06.22"]
[SourceVersion "1"]
[SourceVersionDate "2017.06.22"]
[SourceQuality "1"]

1. Nf3 g6 2. d4 Bg7 3. g3 Nf6 4. Bg2 0-0 5. 0-0 d6 6. c4 c5 7. Nc3 Nc6 8. dxc5 dxc5 9. Be3 Qa5 10. Qa4 Qxa4 11. Nxa4 b6 12. Rad1 Bb7 13. Ne5 Na5 14. Bxb7 Nxb7 15. Nc3 Nd6 16. b3 Rfe8 17. Nd5 Nxd5 18. Rxd5 Nf5 19. Rfd1 e6 20. R5d3 Bxe5 21. Bg5 h6 22. Bc1 Kg7 23. f4 Bf6 24. e4 Bd4+ 25. Kg2 Ne7 26. Kf3 Nc6 27. a3 Red8 28. b4 cxb4 29. axb4 Bf6 30. e5 Be7 31. b5 Na5 32. Ba3 Rxd3+ 33. Rxd3 Bxa3 34. Rxa3 Rc8 35. Rd3 Rc7 36. Ke2 Nxc4 37. Rc3 Rc5 38. Rb3 g5 39. Kd3 Na5 40. Rb4 Rd5+ 41. Ke2 Kg6 42. Kf3 gxf4 43. Kxf4 Nb7 44. Rb3 Nc5 45. Ra3 Rd4+ 46. Kf3 Rd3+ 47. Rxd3 Nxd3 48. Ke4 Nc5+ 49. Kf4 Na4 50. g4 Nc3 51. h4 h5 52. g5 Nxb5 0-1

[Event "Moscow op-B (Women) 13th"]
[Site "Moscow"]
[Date "2017.02.03"]
[Round "7"]
[White "Afanasieva, Alexandra"]
[Black "Vyrtosu, Natalia"]
[Result "0-1"]
[WhiteElo "1914"]
[BlackElo "1759"]
[PlyCount "74"]
[EventDate "2017.01.28"]
[EventType "swiss"]
[EventRounds "9"]
[EventCountry "RUS"]
[SourceTitle "EXT 2018"]
[Source "ChessBase"]
[SourceDate "2017.10.13"]
[SourceVersion "1"]
[SourceVersionDate "2017.10.13"]
[SourceQuality "1"]

1. e4 c6 2. d4 d5 3. Nd2 dxe4 4. Nxe4 Bf5 5. Ng3 Bg6 6. h4 h6 7. Nf3 Nd7 8. h5 Bh7 9. Bd3 Bxd3 10. Qxd3 e6 11. Bf4 Ngf6 12. 0-0-0 Be7 13. Kb1 Qa5 14. c4 0-0 15. Bd2 Qa6 16. Rc1 b5 17. c5 Rad8 18. Ne4 Nxe4 19. Qxe4 Nf6 20. Qe2 Rd5 21. g4 Nh7 22. Be3 Bf6 23. Rcd1 Rfd8 24. Ne5 Bxe5 25. dxe5 Qa4 26. Bd2 Rxd2 27. Rxd2 Rxd2 28. Qxd2 Qe4+ 29. Kc1 Qxh1+ 30. Kc2 Qd5 31. Qc3 Qxa2 32. f4 Qa4+ 33. Kb1 Qe4+ 34. Ka2 Qxf4 35. Qa5 Qc4+ 36. b3 Qxc5 37. Qd8+ Nf8 0-1

[Event "Moscow op-B (Women) 13th"]
[Site "Moscow"]
[Date "2017.02.01"]
[Round "5"]
[White "Velichko, Tatiana"]
[Black "Vyrtosu, Natalia"]
[Result "1/2-1/2"]
[WhiteElo "1927"]
[BlackElo "1759"]
[PlyCount "100"]
[EventDate "2017.01.28"]
[EventType "swiss"]
[EventRounds "9"]
[EventCountry "RUS"]
[SourceTitle "EXT 2018"]
[Source "ChessBase"]
[SourceDate "2017.10.13"]
[SourceVersion "1"]
[SourceVersionDate "2017.10.13"]
[SourceQuality "1"]

1. e4 c6 2. d4 d5 3. Nc3 dxe4 4. Nxe4 Bf5 5. Ng3 Bg6 6. h4 h6 7. Nf3 Nd7 8. Bd3 Bxd3 9. Qxd3 e6 10. Bd2 Ngf6 11. 0-0-0 Be7 12. Ne4 Nxe4 13. Qxe4 Nf6 14. Qe2 Qd5 15. c4 Qe4 16. Rhe1 Qxe2 17. Rxe2 0-0 18. Bc3 Rfd8 19. g3 b5 20. Ne5 Rdc8 21. Kb1 bxc4 22. Nxc4 Nd5 23. Rc1 Rab8 24. Bd2 c5 25. dxc5 Rxc5 26. Ne3 Rxc1+ 27. Kxc1 Nb4 28. Kb1 Nd3 29. Bc3 Bc5 30. f3 Rd8 31. h5 g6 32. hxg6 fxg6 33. Ng4 h5 34. Ne5 Nxe5 35. Rxe5 Rd5 36. Rxe6 Rg5 37. Re5 Rxe5 38. Bxe5 Kf7 39. Kc2 Ke6 40. Bf4 Kf5 41. Bb8 g5 42. b4 Bxb4 43. Bxa7 Be1 44. Bb8 g4 45. Kd1 Bxg3 46. Bxg3 gxf3 47. Kd2 Ke4 48. Bf2 Kd5 49. Ke3 Kc5 50. a3 Kc6 1/2-1/2

[Event "Moscow op-B (Women) 13th"]
[Site "Moscow"]
[Date "2017.01.31"]
[Round "4"]
[White "Vyrtosu, Natalia"]
[Black "Belova, Olga"]
[Result "0-1"]
[WhiteElo "1759"]
[BlackElo "2035"]
[PlyCount "74"]
[EventDate "2017.01.28"]
[EventType "swiss"]
[EventRounds "9"]
[EventCountry "RUS"]
[SourceTitle "EXT 2018"]
[Source "ChessBase"]
[SourceDate "2017.10.13"]
[SourceVersion "1"]
[SourceVersionDate "2017.10.13"]
[SourceQuality "1"]

1. d4 Nf6 2. Nf3 e6 3. Bf4 b6 4. e3 Bb7 5. h3 Be7 6. Bd3 c5 7. c3 0-0 8. Nbd2 d5 9. Ne5 Nbd7 10. Qf3 Nxe5 11. dxe5 Nd7 12. Qh5 f5 13. Rg1 g6 14. Qe2 Bg5 15. Bh2 Qe7 16. f4 Bh6 17. Nf3 d4 18. c4 Rad8 19. b4 dxe3 20. b5 Bxf3 21. Qxf3 Nxe5 22. fxe5 Rxd3 23. Bf4 Bxf4 24. Qxf4 Rd4 25. Qf3 Rxc4 26. Rd1 Rd4 27. Ke2 Rfd8 28. Kxe3 Qg5+ 29. Kf2 Rd2+ 30. Rxd2 Qxd2+ 31. Kf1 Qc1+ 32. Kf2 Rd2+ 33. Kg3 Qxg1 34. Qa8+ Kg7 35. Qb7+ Kh6 36. Kh4 g5+ 37. Kg3 Rd3+ 0-1

[Event "Moscow op-B (Women) 13th"]
[Site "Moscow"]
[Date "2017.01.30"]
[Round "3"]
[White "Vinokur, Yuliya"]
[Black "Vyrtosu, Natalia"]
[Result "1-0"]
[WhiteElo "2060"]
[BlackElo "1759"]
[PlyCount "71"]
[EventDate "2017.01.28"]
[EventType "swiss"]
[EventRounds "9"]
[EventCountry "RUS"]
[SourceTitle "EXT 2018"]
[Source "ChessBase"]
[SourceDate "2017.10.13"]
[SourceVersion "1"]
[SourceVersionDate "2017.10.13"]
[SourceQuality "1"]

1. Nf3 Nf6 2. c4 c6 3. g3 d5 4. b3 Bf5 5. Bg2 e6 6. 0-0 Nbd7 7. Bb2 h6 8. d3 Be7 9. Nbd2 0-0 10. a3 a5 11. Bc3 Qc7 12. Qc2 Ng4 13. h3 Nge5 14. Nd4 Bh7 15. f4 Ng6 16. Kh2 dxc4 17. bxc4 e5 18. Nf5 Bf6 19. Ne4 exf4 20. Bxf6 fxg3+ 21. Kh1 Nxf6 22. Nxh6+ gxh6 23. Nxf6+ Kh8 24. Qd2 Kg7 25. Ng4 f6 26. Qxh6+ Kh8 27. Nxf6 Qg7 28. Qxg7+ Kxg7 29. Nxh7 Kxh7 30. Be4 Kh6 31. Bxg6 Kxg6 32. Kg2 Rxf1 33. Rxf1 Re8 34. e4 b5 35. cxb5 cxb5 36. Kxg3 1-0

[Event "RUS-chT rapid (Women)"]
[Site "Sochi"]
[Date "2016.10.05"]
[Round "3.2"]
[White "Chigaeva, Anastasia"]
[Black "Vyrtosu, Natalia"]
[Result "1/2-1/2"]
[WhiteElo "2115"]
[BlackElo "1668"]
[PlyCount "125"]
[EventDate "2016.10.05"]
[EventType "team-tourn (rapid)"]
[EventRounds "7"]
[EventCountry "RUS"]
[SourceTitle "EXT 2017"]
[Source "ChessBase"]
[SourceDate "2016.10.25"]
[SourceVersion "1"]
[SourceVersionDate "2016.10.25"]
[SourceQuality "1"]
[WhiteTeam "Tyumen Region (W)"]
[BlackTeam "Moscow Karpov School (W)"]
[WhiteTeamCountry "RUS"]
[BlackTeamCountry "RUS"]

1. d4 e6 2. c4 d5 3. Nf3 c6 4. Nc3 f5 5. g3 Nf6 6. Bg2 Bd6 7. 0-0 0-0 8. b3 Nbd7 9. a4 a6 10. Ba3 Bxa3 11. Rxa3 Ne4 12. Qc2 Ndf6 13. c5 a5 14. Ne5 Bd7 15. Raa1 Qc7 16. Nd1 Rfb8 17. Nb2 Be8 18. Nbd3 b6 19. f3 Ng5 20. Rac1 b5 21. Nf4 Bd7 22. h4 Nf7 23. Nxf7 Kxf7 24. e4 b4 25. h5 g6 26. hxg6+ hxg6 27. Qf2 Rh8 28. Nh3 Raf8 29. Ng5+ Ke7 30. e5 Nh7 31. Qe3 Be8 32. Kf2 Kd7 33. Rh1 Nxg5 34. Qxg5 Qd8 35. Qxd8+ Kxd8 36. f4 Ke7 37. Rcg1 Bd7 38. Bf1 Bc8 39. Kg2 Kf7 40. Rxh8 Rxh8 41. Rh1 Rxh1 42. Kxh1 Kg7 43. Kh2 Kh6 44. g4 Kg7 45. Kg3 Kh6 46. Kh4 Bb7 47. Be2 Bc8 48. Bd3 Bb7 49. gxf5 gxf5 50. Be2 Bc8 51. Bh5 Bd7 52. Be2 Bc8 53. Bd3 Bb7 54. Bf1 Bc8 55. Be2 Bb7 56. Bh5 Kg7 57. Kg5 Bc8 58. Be2 Kf7 59. Kh6 Ke7 60. Kg7 Bb7 61. Bd3 Bc8 62. Be2 Bb7 63. Bd3 1/2-1/2

[Event "RUS-ch blitz (Women)"]
[Site "Sochi"]
[Date "2016.10.04"]
[Round "9.14"]
[White "Abramova, Yulia"]
[Black "Vyrtosu, Natalia"]
[Result "0-1"]
[WhiteElo "1969"]
[BlackElo "1668"]
[PlyCount "100"]
[EventDate "2016.10.04"]
[EventType "swiss (blitz)"]
[EventRounds "22"]
[EventCountry "RUS"]
[SourceTitle "EXT 2017"]
[Source "ChessBase"]
[SourceDate "2016.10.25"]
[SourceVersion "1"]
[SourceVersionDate "2016.10.25"]
[SourceQuality "1"]

1. e4 c6 2. d4 d5 3. e5 Bf5 4. Nd2 e6 5. Nb3 Nd7 6. Be3 Ne7 7. Ne2 Bg6 8. Ng3 Nf5 9. Nxf5 Bxf5 10. Be2 Rc8 11. 0-0 Be7 12. f4 c5 13. dxc5 Nxc5 14. Nxc5 Bxc5 15. Bb5+ Kf8 16. Bxc5+ Rxc5 17. Bd3 Bxd3 18. Qxd3 g6 19. c3 Qb6 20. Rf2 Kg7 21. Raf1 Rc4 22. Kh1 Qa6 23. b3 Rc6 24. Qd4 Qb6 25. Qd2 Qc5 26. Rf3 Rhc8 27. g4 Qa5 28. b4 Qa3 29. Rc1 Rc4 30. f5 d4 31. f6+ Kf8 32. Qh6+ Ke8 33. Rd1 Rxc3 34. Rxc3 Qxc3 35. Qf4 d3 36. b5 Qc2 37. Qf1 d2 38. b6 a6 39. Qe2 Rd8 40. Kg2 Qxa2 41. Qe4 Qd5 42. Qxd5 Rxd5 43. Kf2 Kd7 44. Ke3 Kc6 45. Rxd2 Rxd2 46. Kxd2 Kxb6 47. Kc3 Kc5 48. Kb3 b5 49. Kc3 a5 50. Kb3 b4 0-1